000 00506ntaaa2200193 4500
003 01
005 20251027203013.0
008 0714s1973 ag 01
040 _aAR-BaBN
_bspa
_cAR-BaBN
_eaacr
_dRIC
082 _a296.0300 R74
245 _aThe standard jewish encyclopedia
250 _a1 ed.
260 _aGarden City, N.Y. :
_bDoubleday and Company Inc.,
_cc1959, 1966
300 _a1978 p
500 _aEnciclopedia judía
650 _ajudíos
_910184
700 _aRoth, Cecil
_910840
942 _cBK
999 _c25483
_d25483